000 00539nam a2200193Ia 4500
005 20250923145916.0
008 008 250917s9999 xx 000 0 eng d
037 _aTextual
040 _aDSWL
_beng
_cDSWL
041 _aeng
_2eng
084 _aT15:3(YX)p1,N56, N58
_qDSWL
245 0 _aSchool social work practice
_cEd. by Wrginia Quattlebaum
260 _aNew York
_bN.A.S.W.
_c1958
300 _a48p.
365 _aUSD
_b10
925 _g10
942 _cTEXL
_hT15:3(YX)p1,N56, N58
999 _c1457213
_d1457213